[Event "Gibtelecom Masters 8th"]
[Site "Gibraltar"]
[Date "2010.01.28"]
[Round "4.18"]
[White "Halkias, Stelios"]
[Black "Meskovs, Nikita"]
[Result "1-0"]
[WhiteElo "2566"]
[BlackElo "2264"]
[PlyCount "57"]
[EventDate "2010.01.26"]
[EventType "swiss"]
[EventRounds "10"]
[EventCountry "GGB"]
[SourceDate "2005.02.07"]

1. d4 Nf6 2. Nf3 c5 3. d5 g6 4. Nc3 d6 5. e4 Bg7 6. Be2 a6 7. a4 O-O 8. O-Nbd7 9. Bf4 Ne8 10. Re1 Rb8 11. Qd2 Nc7 12. Bh6 Bxh6 13. Qxh6 f6 14. Nd1 b5 15axb5 axb5 16. Ne3 Ne5 17. Nxe5 fxe5 18. h4 e6 19. h5 Qf6 20. Ng4 Qg7 21. hxg6
hxg6 22. Qh4 exd5 23. Nh6+ Kh8 24. Nf5+ Qh7 25. Qxh7+ Kxh7 26. Nxd6 Rf6 27Nxc8 Rxc8 28. Ra7 Kh6 29. Bg4 1-0

[Event "Gibtelecom Masters 8th"]
[Site "Gibraltar"]
[Date "2010.01.28"]
[Round "4.19"]
[White "Maze, Sebastien"]
[Black "Overeem, Marc"]
[Result "1-0"]
[WhiteElo "2554"]
[BlackElo "2245"]
[PlyCount "169"]
[EventDate "2010.01.26"]
[EventType "swiss"]
[EventRounds "10"]
[EventCountry "GGB"]
[SourceDate "2005.02.07"]

1. d4 Nf6 2. Nf3 d5 3. c4 e6 4. g3 Bb4+ 5. Bd2 Be7 6. Bg2 O-O 7. Qc2 c6 8. O-Nbd7 9. Bf4 Nh5 10. Nbd2 Nxf4 11. gxf4 f5 12. e3 h6 13. Ne5 Nxe5 14. fxe5 Bd7
15. Rfc1 Rc8 16. f4 b5 17. b3 g5 18. a4 b4 19. a5 c5 20. cxd5 cxd4 21. Nc4 Bc5
22. Qe2 dxe3 23. Kh1 Qe7 24. Nxe3 gxf4 25. d6 Qg5 26. Nd5 exd5 27. e6 Be3 28Rxc8 Bxc8 29. e7 Re8 30. Qb5 Rxe7 31. dxe7 Qxe7 32. Qxd5+ Be6 33. Qe5 Qf7 34Qb8+ Kg7 35. Qb7 Qxb7 36. Bxb7 Bxb3 37. Rb1 Bc2 38. Rxb4 Kg6 39. Kg2 Kg5 40Bf3 Bd3 41. Rb8 Be4 42. Re8 Bd3 43. Rd8 Bc4 44. Bd5 Be2 45. Bf3 Bc4 46. Rd7 Be6
47. Rg7+ Kf6 48. Rh7 Kg5 49. h4+ Kg6 50. Rc7 Kf6 51. Kf1 Ba2 52. Rc6+ Kg7 53Ke2 Bb1 54. Bd5 Kh7 55. h5 Kg7 56. Rg6+ Kh7 57. Rf6 Bd4 58. Rf7+ Kh8 59. Re7
Bc5 60. Rc7 Bd4 61. Bf3 Be3 62. Kd1 Bd3 63. Rc3 Bf1 64. Rc6 Kh7 65. Rd6 Bc4 66Kc2 Bf1 67. Rd7+ Kh8 68. Kc3 Bh3 69. Rd6 Kh7 70. Rg6 Bf1 71. Kc2 Bd4 72. Rd6
Be3 73. Rd1 Bh3 74. Kd3 Kg7 75. Ke2 Kh7 76. Rd6 Bc5 77. Rc6 Be3 78. Rg6 Bc5 79a6 Be3 80. Ke1 Bd4 81. Be2 Be3 82. Kd1 Bc5 83. Kd2 Bf2 84. Kd3 Be3 85. Kc4 1-0

[Event "Gibtelecom Masters 8th"]
[Site "Gibraltar"]
[Date "2010.01.28"]
[Round "4.20"]
[White "Bhat, Vinay S"]
[Black "Duhayon, Yves"]
[Result "1/2-1/2"]
[WhiteElo "2540"]
[BlackElo "2241"]
[PlyCount "77"]
[EventDate "2010.01.26"]
[EventType "swiss"]
[EventRounds "10"]
[EventCountry "GGB"]
[SourceDate "2005.02.07"]

1. e4 e5 2. Nf3 Nc6 3. Bb5 Nge7 4. c3 g6 5. O-O Bg7 6. d4 exd4 7. cxd4 d5 8. e5
O-O 9. h3 f6 10. exf6 Rxf6 11. Bxc6 bxc6 12. Bg5 Re6 13. Nc3 Qf8 14. Qd2 h6 15Be3 Nf5 16. Bf4 Nd6 17. Ne5 g5 18. Bh2 Ba6 19. Rfe1 Rae8 20. Na4 Ne4 21. Qc2
Bxe5 22. Bxe5 Rxe5 23. dxe5 Bd3 24. Qxc6 Qxf2+ 25. Kh2 Qg3+ 26. Kg1 Qf2+ 27Kh1 Rxe5 28. Nc5 Ng3+ 29. Kh2 Bf1 30. Qg6+ Kh8 31. Qxh6+ Kg8 32. Qg6+ Kh8 33Qh6+ Kg8 34. Qg6+ Kh8 35. Rxf1 Nxf1+ 36. Rxf1 Qxf1 37. Qh6+ Kg8 38. Qg6+ Kh8
39. Qh6+ 1/2-1/2

[Event "Gibtelecom Masters 8th"]
[Site "Gibraltar"]
[Date "2010.01.28"]
[Round "4.21"]
[White "Speelman, Jonathan"]
[Black "Nadig, Kruttika"]
[Result "1-0"]
[WhiteElo "2535"]
[BlackElo "2240"]
[PlyCount "87"]
[EventDate "2010.01.26"]
[EventType "swiss"]
[EventRounds "10"]
[EventCountry "GGB"]
[SourceDate "2005.02.07"]

1. Nf3 Nf6 2. c4 g6 3. Nc3 d5 4. cxd5 Nxd5 5. h4 Bg7 6. h5 O-O 7. hxg6 hxg6 8Qa4 e5 9. Nxd5 Qxd5 10. Qh4 Re8 11. d3 Kf8 12. Bh6 Bxh6 13. Qxh6+ Ke7 14. Qg5+
Kd6 15. Nd2 c6 16. Ne4+ Kc7 17. Rh4 Qa5+ 18. Nc3 Na6 19. Rc1 Kb8 20. Qf6 Qc7
21. Rh7 Be6 22. a3 Nc5 23. Rh8 Rxh8 24. Qxh8+ Bc8 25. b4 Nb3 26. Rb1 Nd4 27. e3
Nc2+ 28. Kd2 Nxa3 29. Rb3 a5 30. Rxa3 axb4 31. Rxa8+ Kxa8 32. Na4 Kb8 33. Nc5
Qe7 34. d4 f6 35. Bc4 exd4 36. exd4 Qd6 37. Ke3 Qe7+ 38. Be6 Qc7 39. Kd3 b3 40Nxb3 b6 41. d5 c5 42. Qxc8+ Qxc8 43. Bxc8 Kxc8 44. Nxc5 1-0

[Event "Gibtelecom Masters 8th"]
[Site "Gibraltar"]
[Date "2010.01.28"]
[Round "4.22"]
[White "Guliyev, Namig"]
[Black "Al-Tamimi, Hamad"]
[Result "1-0"]
[WhiteElo "2516"]
[BlackElo "2238"]
[PlyCount "93"]
[EventDate "2010.01.26"]
[EventType "swiss"]
[EventRounds "10"]
[EventCountry "GGB"]
[SourceDate "2005.02.07"]

1. e4 c6 2. Nc3 d5 3. Nf3 Bg4 4. h3 Bxf3 5. Qxf3 e6 6. Be2 Nd7 7. O-O dxe4 8Nxe4 Ngf6 9. d4 Be7 10. c4 Nxe4 11. Qxe4 Nf6 12. Qd3 O-O 13. Be3 Qc7 14. Bf3
Rfd8 15. Rfd1 Rd7 16. Rac1 Rad8 17. Qb3 Qb8 18. g3 h6 19. Bg2 e5 20. dxe5 Qxe5
21. Rxd7 Rxd7 22. Bxa7 Qe2 23. Be3 Rd3 24. Qb6 Bd8 25. Qa7 Qxb2 26. Rf1 Rd7 27Bf3 Bc7 28. Kg2 Qb4 29. Rd1 Rxd1 30. Bxd1 Be5 31. Bb3 Qe7 32. Bc2 g5 33. Bf5
Ne8 34. Qa8 Kg7 35. c5 Bxg3 36. Kxg3 Qe5+ 37. Kg2 Qxf5 38. Qxe8 Qd5+ 39. Kh2
Qxa2 40. Qe5+ Kg6 41. Bd4 Qc4 42. Qf6+ Kh5 43. Kg3 Qb3+ 44. f3 Qc4 45. h4 Qd5
46. hxg5 Qxg5+ 47. Kh3 1-0

[Event "Gibtelecom Masters 8th"]
[Site "Gibraltar"]
[Date "2010.01.28"]
[Round "4.23"]
[White "Kapnisis, Spyridon"]
[Black "Rioseco Pinochet, Fernan"]
[Result "1/2-1/2"]
[WhiteElo "2510"]
[BlackElo "2226"]
[PlyCount "110"]
[EventDate "2010.01.26"]
[EventType "swiss"]
[EventRounds "10"]
[EventCountry "GGB"]
[SourceDate "2005.02.07"]

1. e4 c5 2. Nf3 e6 3. d4 cxd4 4. Nxd4 a6 5. Bd3 Qc7 6. O-O Nf6 7. Kh1 d6 8. f4
Be7 9. c4 Nbd7 10. Nc3 O-O 11. Qe2 b6 12. Bd2 Bb7 13. Rae1 g6 14. e5 dxe5 15fxe5 Nh5 16. Bh6 Ng7 17. Nd5 exd5 18. e6 Bf6 19. exf7+ Rxf7 20. Bxg7 Rxg7 21Ne6 Qd6 22. Nxg7 Kxg7 23. Qe6 Qxe6 24. Rxe6 Rf8 25. cxd5 Rf7 26. b4 b5 27. Bc2
Bxd5 28. Rxa6 Bc4 29. Rd1 Ne5 30. h3 Be7 31. a4 Rf2 32. Ra7 Kf6 33. Be4 Bb3 34Ra6+ Kg5 35. Rc1 Kf4 36. axb5 Kxe4 37. b6 Bd5 38. b7 Bxb7 39. Ra7 Bd5 40. Rxe7
Kd4 41. Rd1+ Nd3 42. Rd7 Rf5 43. Rxh7 Ke3 44. Re7+ Be4 45. Ra1 Rg5 46. Ra2 Kd4
47. Rd7+ Bd5 48. Kh2 Nxb4 49. Rb2 Nd3 50. Rc2 Nf4 51. Rb2 Ke5 52. g3 Nd3 53Re2+ Kd4 54. g4 Nf4 55. Re1 Nd3 1/2-1/2

[Event "Gibtelecom Masters 8th"]
[Site "Gibraltar"]
[Date "2010.01.28"]
[Round "4.24"]
[White "Dzagnidze, Nana"]
[Black "Nuri, Kambez"]
[Result "1-0"]
[WhiteElo "2506"]
[BlackElo "2235"]
[PlyCount "47"]
[EventDate "2010.01.26"]
[EventType "swiss"]
[EventRounds "10"]
[EventCountry "GGB"]
[SourceDate "2005.02.07"]

1. d4 Nf6 2. Bg5 g6 3. Bxf6 exf6 4. c4 f5 5. Nc3 Bg7 6. e3 O-O 7. Nge2 c5 8dxc5 Qa5 9. Qd2 Qxc5 10. Nf4 Nc6 11. Rc1 d6 12. Be2 Ne5 13. Nb5 Rd8 14. Nd5 Kh8
15. b4 Qc6 16. O-O Qd7 17. Rfd1 b6 18. Ndc7 Rb8 19. Qxd6 Qxd6 20. Nxd6 Bf8 21Ndb5 Rxd1+ 22. Rxd1 Bxb4 23. Rd8+ Kg7 24. Ne8+ 1-0

[Event "Gibtelecom Masters 8th"]
[Site "Gibraltar"]
[Date "2010.01.28"]
[Round "4.25"]
[White "Lyell, Mark"]
[Black "Carlsson, Pontus"]
[Result "0-1"]
[WhiteElo "2224"]
[BlackElo "2476"]
[PlyCount "56"]
[EventDate "2010.01.26"]
[EventType "swiss"]
[EventRounds "10"]
[EventCountry "GGB"]
[SourceDate "2005.02.07"]

1. e4 c5 2. Nc3 Nc6 3. Bb5 Nd4 4. Bc4 e6 5. Nge2 Nf6 6. O-O a6 7. d3 b5 8. Bb3
Nxb3 9. axb3 Bb7 10. f4 d6 11. f5 Be7 12. Bg5 Qd7 13. Ng3 O-O-O 14. Qd2 h6 15Bf4 h5 16. h3 h4 17. fxe6 fxe6 18. Nge2 Qc6 19. Rf2 d5 20. exd5 exd5 21. Be5 d4
22. Bxf6 dxc3 23. Bxc3 Rhf8 24. Raf1 Rf5 25. Bxg7 Rg5 26. Nf4 Rxg7 27. Re2 Rdg8
28. Rfe1 Bd6 0-1

[Event "Gibtelecom Masters 8th"]
[Site "Gibraltar"]
[Date "2010.01.28"]
[Round "4.26"]
[White "Harika, Dronavalli"]
[Black "Chapman, Terry P D"]
[Result "1-0"]
[WhiteElo "2471"]
[BlackElo "2221"]
[PlyCount "85"]
[EventDate "2010.01.26"]
[EventType "swiss"]
[EventRounds "10"]
[EventCountry "GGB"]
[SourceDate "2005.02.07"]

1. Nf3 Nf6 2. c4 c5 3. Nc3 g6 4. g3 Bg7 5. Bg2 O-O 6. O-O Nc6 7. d4 cxd4 8Nxd4 Ng4 9. e3 d6 10. b3 Nxd4 11. exd4 Nh6 12. Bxh6 Bxh6 13. Qe2 Bg7 14. Rad1
e6 15. h4 Rb8 16. h5 b6 17. f4 f5 18. hxg6 hxg6 19. g4 fxg4 20. Qxg4 Qe8 21Nb5 Qe7 22. Qxg6 Rf6 23. Qg3 a6 24. Nc3 Bb7 25. d5 e5 26. f5 Rh6 27. Ne4 Qf7
28. f6 Rg6 29. fxg7 Rxg3 30. Rxf7 Rxg2+ 31. Kxg2 Kxf7 32. Nxd6+ Kxg7 33. Kf3
Ba8 34. Ke4 Rh8 35. Kxe5 Rh2 36. Rg1+ Kh7 37. Nf5 Rxa2 38. Rg7+ Kh8 39. Ra7
Re2+ 40. Kf6 Re8 41. Kg6 Rd8 42. Kh6 Rb8 43. Rh7+ 1-0

[Event "Gibtelecom Masters 8th"]
[Site "Gibraltar"]
[Date "2010.01.28"]
[Round "4.27"]
[White "Henriksson, Johan"]
[Black "Arakhamia-Grant, Ketevan"]
[Result "1/2-1/2"]
[WhiteElo "2204"]
[BlackElo "2470"]
[PlyCount "124"]
[EventDate "2010.01.26"]
[EventType "swiss"]
[EventRounds "10"]
[EventCountry "GGB"]
[SourceDate "2005.02.07"]

1. d4 Nf6 2. Nf3 g6 3. g3 Bg7 4. Bg2 O-O 5. O-O d6 6. c4 Nc6 7. Nc3 a6 8. b3
Rb8 9. a4 a5 10. Bb2 Nb4 11. Na2 Nxa2 12. Rxa2 c6 13. d5 Qc7 14. Nd4 e5 15dxe6 fxe6 16. e4 Rd8 17. Qd2 e5 18. Nc2 Nd7 19. Bc3 Nc5 20. Rb2 Ra8 21. h3 Be6
22. Ne3 b6 23. f4 exf4 24. gxf4 Bxc3 25. Qxc3 Qg7 26. Qxg7+ Kxg7 27. f5 Bf7 28fxg6 hxg6 29. Ng4 Be6 30. e5 d5 31. cxd5 cxd5 32. Rf6 Rac8 33. Rc2 Bf5 34. Rd2
Nd7 35. Rd6 Bxg4 36. R2xd5 Re8 37. hxg4 Nxe5 38. Be4 Rc1+ 39. Kg2 Re1 40. Bd3
Re3 41. g5 Re7 42. Bc4 Re4 43. Rd4 Nxc4 44. Rxe4 Rxe4 45. bxc4 Rxc4 46. Rxb6
Rg4+ 47. Kf3 Rxg5 48. Rb5 Kf6 49. Rb6+ Kf7 50. Rb7+ Kf6 51. Rb6+ Kg7 52. Rb5
Rh5 53. Kg4 Kh6 54. Rxh5+ gxh5+ 55. Kf5 Kg7 56. Kg5 Kf7 57. Kxh5 Ke6 58. Kg4
Kd5 59. Kf3 Kc4 60. Ke2 Kb3 61. Kd1 Kxa4 62. Kc2 Ka3 1/2-1/2

[Event "Gibtelecom Masters 8th"]
[Site "Gibraltar"]
[Date "2010.01.28"]
[Round "4.28"]
[White "Siebrecht, Sebastian"]
[Black "Arvola, Benjamin"]
[Result "1/2-1/2"]
[WhiteElo "2468"]
[BlackElo "2218"]
[PlyCount "99"]
[EventDate "2010.01.26"]
[EventType "swiss"]
[EventRounds "10"]
[EventCountry "GGB"]
[SourceDate "2005.02.07"]

1. d4 Nf6 2. c4 g6 3. Nc3 Bg7 4. e4 d6 5. Bd3 O-O 6. Nge2 e5 7. d5 a5 8. Ng3
Na6 9. h4 h5 10. Bg5 Qe8 11. Qd2 Kh7 12. O-O-O Ng8 13. Be2 f6 14. Be3 Nh6 15Rdf1 Ng4 16. Bxg4 Bxg4 17. Kb1 Bd7 18. Qe2 Rb8 19. Rc1 b5 20. cxb5 Bxb5 21Nxb5 Qxb5 22. Qxb5 Rxb5 23. Rc6 Nb4 24. Rxc7 Nd3 25. b3 a4 26. Rd1 Nf4 27. Bxf4
exf4 28. Ne2 axb3 29. a4 Rb4 30. Rd4 Rfb8 31. a5 f5 32. a6 Rxd4 33. Nxd4 Kh6
34. a7 Ra8 35. Nb5 fxe4 36. Nxd6 e3 37. Nf7+ Kh7 38. fxe3 fxe3 39. Ng5+ Kh6 40Re7 e2 41. Nf3 Bc3 42. Re3 Bf6 43. Rxb3 Rxa7 44. Re3 Rd7 45. Rxe2 Rxd5 46. Kc2
Kg7 47. Re6 Ra5 48. Kd3 Ra2 49. Re2 Ra3+ 50. Kd2 1/2-1/2

[Event "Gibtelecom Masters 8th"]
[Site "Gibraltar"]
[Date "2010.01.28"]
[Round "4.29"]
[White "Byron, Alan M"]
[Black "Zatonskih, Anna"]
[Result "0-1"]
[WhiteElo "2196"]
[BlackElo "2466"]
[PlyCount "80"]
[EventDate "2010.01.26"]
[EventType "swiss"]
[EventRounds "10"]
[EventCountry "GGB"]
[SourceDate "2005.02.07"]

1. c4 e5 2. g3 g6 3. Bg2 Bg7 4. Nc3 d6 5. d3 f5 6. Rb1 Nf6 7. Bg5 h6 8. Bd2 O-9. b4 a5 10. a3 Kh7 11. Qb3 Qe7 12. e3 axb4 13. axb4 c6 14. Nge2 Be6 15. O-Nbd7 16. Qc2 d5 17. c5 Bf7 18. d4 e4 19. b5 g5 20. bxc6 bxc6 21. Rb7 Bh5 22Rfb1 Bg6 23. Rc7 Qe6 24. Na2 Ne8 25. Rcb7 f4 26. Nec3 fxg3 27. hxg3 Bxd4 28Ne2 Bg7 29. Bc3 d4 30. Nxd4 Bxd4 31. Bxd4 Rxa2 32. Rxd7+ Kg8 33. Rbb7 Rf7 34Qb1 Rfxf2 35. Bf1 Qg4 36. Rg7+ Kf8 37. Be5 Qf3 38. Bd6+ Nxd6 39. Rg8+ Kxg8 40Qb3+ Bf7 0-1

[Event "Gibtelecom Masters 8th"]
[Site "Gibraltar"]
[Date "2010.01.28"]
[Round "4.30"]
[White "Groffen, Hans"]
[Black "Krush, Irina"]
[Result "0-1"]
[WhiteElo "2150"]
[BlackElo "2455"]
[PlyCount "82"]
[EventDate "2010.01.26"]
[EventType "swiss"]
[EventRounds "10"]
[EventCountry "GGB"]
[SourceDate "2005.02.07"]

1. d4 d6 2. Nf3 g6 3. c4 Bg7 4. e4 Nf6 5. Nc3 O-O 6. Be2 Nbd7 7. O-O e5 8. Qc2
exd4 9. Nxd4 Re8 10. Be3 c6 11. Rfe1 Qc7 12. Rad1 a6 13. f3 b5 14. cxb5 cxb5
15. Qd2 Bb7 16. Rc1 Qd8 17. Ndxb5 axb5 18. Nxb5 Rf8 19. Nxd6 Ba6 20. b4 Bxe2
21. Qxe2 Qb8 22. Nb5 Nh5 23. g3 Ne5 24. Kg2 Rd8 25. Red1 Nf6 26. Bf4 Ne8 27Rd5 f6 28. Bxe5 fxe5 29. Rcd1 Rxd5 30. Rxd5 Qc8 31. Rc5 Qe6 32. Rd5 Qa6 33. Rd2
Rc8 34. Qd3 Qe6 35. Qd5 Qxd5 36. exd5 Bf8 37. Na7 Bxb4 38. Nxc8 Bxd2 39. d6 Nf6
40. Nb6 Kf7 41. a4 Ke6 0-1

[Event "Gibtelecom Masters 8th"]
[Site "Gibraltar"]
[Date "2010.01.28"]
[Round "4.31"]
[White "Boskovic, Drasko"]
[Black "Tjolsen, Katrine"]
[Result "1/2-1/2"]
[WhiteElo "2454"]
[BlackElo "2212"]
[PlyCount "128"]
[EventDate "2010.01.26"]
[EventType "swiss"]
[EventRounds "10"]
[EventCountry "GGB"]
[SourceDate "2005.02.07"]

1. e4 c5 2. Nf3 Nc6 3. d4 cxd4 4. Nxd4 Nf6 5. Nc3 e5 6. Ndb5 d6 7. Bg5 a6 8Na3 b5 9. Nd5 Be7 10. Bxf6 Bxf6 11. c3 Bg5 12. Nc2 O-O 13. a4 bxa4 14. Rxa4 a5
15. Bc4 Rb8 16. b3 Kh8 17. O-O f5 18. exf5 Bxf5 19. Nce3 Bg6 20. b4 axb4 21cxb4 Nd4 22. Bd3 Be8 23. Ra6 Bb5 24. Ra5 Bc6 25. Nc4 Bb5 26. Nce3 Bc6 27. Qh5
Bh6 28. Ra7 Qg5 29. Qxg5 Bxg5 30. Rb1 Bh4 31. Rb2 Ra8 32. Ra5 Bg5 33. h3 g6 34Bc4 Rfb8 35. Rba2 Kg7 36. Kh2 Bxe3 37. fxe3 Nb5 38. Rxb5 Rxb5 39. Bxb5 Bxd5 40Rd2 Bf7 41. Bc6 Rb8 42. b5 Bc4 43. Rb2 Rb6 44. e4 Kf6 45. Rb4 Bd3 46. Kg3 Ke7
47. Kf2 Kd8 48. h4 Ke7 49. Ke3 Bf1 50. g3 Kd8 51. Kd2 Rb8 52. b6 Ba6 53. Bd5
Bb7 54. Bb3 Bc6 55. Be6 Ke7 56. Bh3 d5 57. exd5 Bxd5 58. Ke3 Kd6 59. Bg4 Kc5
60. Rb1 Rxb6 61. Rxb6 Kxb6 62. h5 gxh5 63. Bxh5 Kc5 64. Bg4 Kd6 1/2-1/2

[Event "Gibtelecom Masters 8th"]
[Site "Gibraltar"]
[Date "2010.01.28"]
[Round "4.32"]
[White "Bellon Lopez, Juan Manuel"]
[Black "Weeramantry, Sunil"]
[Result "1-0"]
[WhiteElo "2440"]
[BlackElo "2201"]
[PlyCount "53"]
[EventDate "2010.01.26"]
[EventType "swiss"]
[EventRounds "10"]
[EventCountry "GGB"]
[SourceDate "2005.02.07"]

1. d4 Nf6 2. Bg5 e6 3. e4 h6 4. Bxf6 Qxf6 5. Nc3 d6 6. Qd2 a6 7. f4 Qe7 8. Nf3
Nd7 9. O-O-O b5 10. d5 e5 11. g3 Nb6 12. Qe3 Bg4 13. Be2 Qd7 14. fxe5 Bxf3 15e6 fxe6 16. Bxf3 Be7 17. h4 Bf6 18. e5 Bxe5 19. dxe6 Qc8 20. Bxa8 Qxa8 21. Rhf1
b4 22. Qe2 bxc3 23. Qh5+ g6 24. Qxg6+ Kd8 25. Qf5 cxb2+ 26. Kb1 Na4 27. Qxe5
1-0

[Event "Gibtelecom Masters 8th"]
[Site "Gibraltar"]
[Date "2010.01.28"]
[Round "4.33"]
[White "Battaglini, Gabriel"]
[Black "Urbina Perez, Juan Antonio"]
[Result "1-0"]
[WhiteElo "2411"]
[BlackElo "2197"]
[PlyCount "81"]
[EventDate "2010.01.26"]
[EventType "swiss"]
[EventRounds "10"]
[EventCountry "GGB"]
[SourceDate "2005.02.07"]

1. c4 c6 2. e4 e5 3. Nf3 d6 4. d4 Nd7 5. Nc3 Ngf6 6. Be2 Be7 7. O-O O-O 8. Re1
Re8 9. h3 Bf8 10. Bg5 exd4 11. Nxd4 Qa5 12. Qd2 a6 13. Bf1 h6 14. Bh4 Nh7 15Nf5 Re6 16. Bg3 Ne5 17. f4 Ng6 18. Rad1 Qc7 19. a4 b6 20. Re3 Bb7 21. Rd3 Rae8
22. Nxd6 Bxd6 23. Rxd6 Rxd6 24. Qxd6 Qxd6 25. Rxd6 Nf6 26. f5 Ne5 27. Bxe5 Rxe5
28. Rd8+ Re8 29. Rxe8+ Nxe8 30. b4 f6 31. c5 b5 32. Kf2 Kf7 33. Bd3 Bc8 34. Bc2
g6 35. Kg3 Ng7 36. Bb3+ Ke7 37. fxg6 Bd7 38. axb5 axb5 39. Ne2 Be6 40. Bxe6
Nxe6 41. Kg4 1-0

[Event "Gibtelecom Masters 8th"]
[Site "Gibraltar"]
[Date "2010.01.28"]
[Round "4.34"]
[White "Valgmae, Toomas"]
[Black "Houska, Jovanka"]
[Result "1/2-1/2"]
[WhiteElo "2117"]
[BlackElo "2401"]
[PlyCount "112"]
[EventDate "2010.01.26"]
[EventType "swiss"]
[EventRounds "10"]
[EventCountry "GGB"]
[SourceDate "2005.02.07"]

1. d4 d5 2. c4 c6 3. Nf3 Nf6 4. Nc3 a6 5. e3 b5 6. cxd5 cxd5 7. Ne5 e6 8. Bd3
Bb7 9. O-O Bd6 10. f4 Nbd7 11. Bd2 O-O 12. Be1 Ne4 13. Nxe4 dxe4 14. Be2 f6 15Nxd7 Qxd7 16. Ba5 Rfc8 17. Qd2 Bd5 18. a3 Rc6 19. Rfc1 Rac8 20. Qd1 Bb3 21. Qe1
e5 22. fxe5 fxe5 23. Rxc6 Rxc6 24. Bc3 Qc7 25. Qh4 exd4 26. Bxd4 Qe7 27. Qg4
Be5 28. Rf1 Bxd4 29. exd4 h6 30. Qf5 Rf6 31. Qc8+ Kh7 32. Rxf6 Qxf6 33. Qc3 Bd5
34. Qe3 Qc6 35. Qc3 Qd6 36. g3 Qf6 37. Qe3 Qb6 38. b4 Qc6 39. Bg4 Qc2 40. h4 g6
41. Bh3 Qb1+ 42. Kf2 Kg7 43. Bg2 Qc2+ 44. Kg1 Kh7 45. Kh2 Qb2 46. Kg1 Qc2 47Kh2 Qb2 48. Kg1 Qb1+ 49. Kh2 Qc2 50. Kg1 Kg7 51. Kh1 Qa2 52. Kg1 Qc2 53. Kh2
Qc7 54. Kg1 Qe7 55. Kf2 Qf7+ 56. Ke2 Qe6 1/2-1/2

[Event "Gibtelecom Masters 8th"]
[Site "Gibraltar"]
[Date "2010.01.28"]
[Round "4.35"]
[White "Sarkar, Justin"]
[Black "Martsynovskaya, Marina"]
[Result "1-0"]
[WhiteElo "2378"]
[BlackElo "2184"]
[PlyCount "73"]
[EventDate "2010.01.26"]
[EventType "swiss"]
[EventRounds "10"]
[EventCountry "GGB"]
[SourceDate "2005.02.07"]

1. d4 d5 2. c4 dxc4 3. e4 c5 4. d5 e6 5. Nc3 exd5 6. Nxd5 Nf6 7. Bxc4 Nxd5 8Bxd5 Qc7 9. Ne2 Bd6 10. f4 O-O 11. e5 Be7 12. Nc3 Nc6 13. O-O Rd8 14. Qb3 Bf8
15. Nb5 Qd7 16. Bf3 Nd4 17. Nxd4 Qxd4+ 18. Be3 Be6 19. Bxd4 Bxb3 20. Bc3 Bd5
21. Bxd5 Rxd5 22. Rfd1 Rad8 23. Rxd5 Rxd5 24. a4 c4 25. Re1 b5 26. axb5 Rxb5
27. Re4 Rc5 28. Kf2 g6 29. Rd4 Rc7 30. Rd8 Kg7 31. e6+ f6 32. g4 h5 33. g5 Be7
34. gxf6+ Bxf6 35. Rd7+ Rxd7 36. exd7 Kf7 37. Bxf6 1-0

[Event "Gibtelecom Masters 8th"]
[Site "Gibraltar"]
[Date "2010.01.28"]
[Round "4.36"]
[White "Zaremba, Andrie"]
[Black "Kvisla, Johannes Luangtep"]
[Result "1/2-1/2"]
[WhiteElo "2360"]
[BlackElo "2161"]
[PlyCount "86"]
[EventDate "2010.01.26"]
[EventType "swiss"]
[EventRounds "10"]
[EventCountry "GGB"]
[SourceDate "2005.02.07"]

1. d4 d5 2. Nf3 Nf6 3. c4 e6 4. Nc3 c6 5. e3 Nbd7 6. Qc2 Bd6 7. Bd3 O-O 8. cxd5
exd5 9. g4 g6 10. g5 Nh5 11. Bd2 Nb6 12. Rg1 Be6 13. Ne5 Bxe5 14. dxe5 Nc4 15Bxc4 dxc4 16. Ne4 Qd5 17. Nd6 Qxe5 18. Nxc4 Qxh2 19. O-O-O Qxf2 20. Nd6 Rad8
21. Rdf1 Qe2 22. Nxb7 Rb8 23. Nc5 Qc4 24. b3 Qxc2+ 25. Kxc2 Ng7 26. e4 Bc8 27Bc3 Nh5 28. a4 Re8 29. Rd1 Nf4 30. Bf6 Nh5 31. Bc3 Nf4 32. Rh1 Bg4 33. Rd6 Rbd8
34. Rxc6 Bf3 35. Rh4 Bxe4+ 36. Nxe4 Rxe4 37. Bf6 Re2+ 38. Kc3 Nd5+ 39. Kd3 Nf4+
40. Kc3 Nd5+ 41. Kd3 Nf4+ 42. Kc3 Nd5+ 43. Kd3 Nf4+ 1/2-1/2

[Event "Gibtelecom Masters 8th"]
[Site "Gibraltar"]
[Date "2010.01.28"]
[Round "4.37"]
[White "Saravanan, Venkat"]
[Black "Nilsen, Joachim Birger"]
[Result "1-0"]
[WhiteElo "2356"]
[BlackElo "2152"]
[PlyCount "51"]
[EventDate "2010.01.26"]
[EventType "swiss"]
[EventRounds "10"]
[EventCountry "GGB"]
[SourceDate "2005.02.07"]

1. Nf3 Nf6 2. c4 g6 3. Nc3 d5 4. cxd5 Nxd5 5. Qa4+ Bd7 6. Qb3 Nb6 7. d4 Bg7 8Bf4 O-O 9. Rd1 Qc8 10. e3 c5 11. d5 c4 12. Qc2 e6 13. d6 Nc6 14. e4 e5 15. Be3
Nb4 16. Qd2 Qc6 17. Be2 Rad8 18. O-O Bg4 19. a3 Bxf3 20. axb4 Bxe2 21. Qxe2 Nc8
22. b5 Qe8 23. Qxc4 Nxd6 24. Qb4 Qe6 25. Bc5 Nc8 26. Bxf8 1-0

[Event "Gibtelecom Masters 8th"]
[Site "Gibraltar"]
[Date "2010.01.28"]
[Round "4.38"]
[White "Tozer, Philip"]
[Black "Camus de Solliers, Guillau"]
[Result "1/2-1/2"]
[WhiteElo "2119"]
[BlackElo "2356"]
[PlyCount "63"]
[EventDate "2010.01.26"]
[EventType "swiss"]
[EventRounds "10"]
[EventCountry "GGB"]
[SourceDate "2005.02.07"]

1. c4 e5 2. g3 Nc6 3. Nc3 g6 4. Bg2 Bg7 5. d3 d6 6. e4 Nge7 7. Nge2 O-O 8. O-Nd4 9. Nxd4 exd4 10. Ne2 a5 11. f4 f5 12. Bd2 Be6 13. Rc1 fxe4 14. Bxe4 d5 15cxd5 Bxd5 16. Bxd5+ Nxd5 17. Qb3 Kh8 18. Rc4 Nb6 19. Rc2 Qd7 20. Rfc1 Qg4 21Re1 Rfe8 22. Rxc7 Rxe2 23. Qf7 Rg8 24. Bxa5 Nc8 25. Rxe2 Qxe2 26. Bb4 Qe3+ 27Kg2 Qe2+ 28. Kg1 Qe3+ 29. Kg2 Qe2+ 30. Kg1 Qd1+ 31. Kg2 Qe2+ 32. Kg1 1/2-1/2

[Event "Gibtelecom Masters 8th"]
[Site "Gibraltar"]
[Date "2010.01.28"]
[Round "4.39"]
[White "Peek, Marcel"]
[Black "Goodger, Martyn"]
[Result "1/2-1/2"]
[WhiteElo "2342"]
[BlackElo "2147"]
[PlyCount "52"]
[EventDate "2010.01.26"]
[EventType "swiss"]
[EventRounds "10"]
[EventCountry "GGB"]
[SourceDate "2005.02.07"]

1. d4 f5 2. g3 Nf6 3. Bg2 e6 4. Nf3 Be7 5. O-O O-O 6. c4 d6 7. b4 Ne4 8. Bb2 a5
9. b5 a4 10. Nfd2 d5 11. Nxe4 fxe4 12. a3 c6 13. Nc3 cxb5 14. Nxb5 Bd7 15. Nc3
Bc6 16. cxd5 exd5 17. f3 exf3 18. Bxf3 Qa5 19. Qc2 Nd7 20. Rad1 Nf6 21. e3 Rfe8
22. Rfe1 Rac8 23. Qd2 Qc7 24. Rc1 Qd7 25. Qg2 Rcd8 26. Rcd1 Bf8 1/2-1/2